00552nam a2200157 a 4500001000500000005001700005008004100022050002200063100002600085245012500111260004900236300002400285440004400309650002500353650001600378174120140414131900.0001120s19uu xx 00 eng d aFIL 231bOu7 Bk.6 aDaugthers of St. Paul aOur victory through Christ, bk. 6 /cprepared by the Daughters of St. Paul under direction of Very Rev. James Alberione. aPasay City :bDaughters of St. Paul,c[n.d.] a95 p. : ill. ; cm. aThe St. Paul way, truth and life series aChristian Education. aCathechism.